00559 2200193 4500001002100000005001500021035002000036008004100056245011400097100002000211260004500231300001200276084001400288082000800302650001300310250000600323020001800329990001800347INLIS00000000000034920240813102948 a0010-0724000349240813 0 ind 1 aBelajar Mengetik Dan Membuat Naskah Dengan Microsoft Office Word :bMedia Kreasi anak-anak /cSupriatna, Asep aSupriatna, Asep aBanten :bPT. Panca Anugrah Sakti,c2010 a64 hlm. a005 ASE b a005 4aKomputer a1 a979-142-051-8 aP29/CP/24/349